<?xml version="1.0" encoding="UTF-8"?>
<record
    xmlns:xsi="http://www.w3.org/2001/XMLSchema-instance"
    xsi:schemaLocation="http://www.loc.gov/MARC21/slim http://www.loc.gov/standards/marcxml/schema/MARC21slim.xsd"
    xmlns="http://www.loc.gov/MARC21/slim">

  <leader>05570nam a2200433Ia 4500</leader>
  <controlfield tag="003">OSt</controlfield>
  <controlfield tag="005">20260629133956.0</controlfield>
  <controlfield tag="008">  2310s2022    ua a   frm      000 0 und d</controlfield>
  <datafield tag="040" ind1=" " ind2=" ">
    <subfield code="a">EG-EULC</subfield>
    <subfield code="b">eng</subfield>
    <subfield code="c">EG-EULC</subfield>
    <subfield code="d">EG-EULC</subfield>
    <subfield code="e">rda</subfield>
  </datafield>
  <datafield tag="041" ind1="0" ind2=" ">
    <subfield code="a">eng</subfield>
    <subfield code="b">eng</subfield>
    <subfield code="b">ara</subfield>
  </datafield>
  <datafield tag="049" ind1=" " ind2=" ">
    <subfield code="a">Deposit</subfield>
  </datafield>
  <datafield tag="082" ind1=" " ind2=" ">
    <subfield code="a">610</subfield>
  </datafield>
  <datafield tag="092" ind1=" " ind2=" ">
    <subfield code="a">610</subfield>
    <subfield code="2">21</subfield>
  </datafield>
  <datafield tag="097" ind1=" " ind2=" ">
    <subfield code="a">M.Sc</subfield>
  </datafield>
  <datafield tag="099" ind1=" " ind2=" ">
    <subfield code="a">Cai01.21.04.M.Sc.2022.Al.E</subfield>
  </datafield>
  <datafield tag="100" ind1=" " ind2=" ">
    <subfield code="a">Alaa Mahmoud Fahmy Altantawy,</subfield>
    <subfield code="e">preparation.</subfield>
  </datafield>
  <datafield tag="245" ind1=" " ind2=" ">
    <subfield code="a">Effect of aerobic exercise versus yoga on depression among breast cancer women</subfield>
    <subfield code="c">by Alaa Mahmoud Fahmy Altantawy ; Prof.Dr. Hala Mohamed Hanfy, Prof.Dr. Mohammed Fawzy Mohamed, Prof.Dr. Mai Mohamed Ali</subfield>
  </datafield>
  <datafield tag="246" ind1=" " ind2=" ">
    <subfield code="a">&#x62A;&#x623;&#x62B;&#x64A;&#x631; &#x627;&#x644;&#x62A;&#x645;&#x627;&#x631;&#x64A;&#x646; &#x627;&#x644;&#x647;&#x648;&#x627;&#x626;&#x64A;&#x629; &#x645;&#x642;&#x627;&#x628;&#x644; &#x627;&#x644;&#x64A;&#x648;&#x62C;&#x627; &#x639;&#x644;&#x649; &#x627;&#x644;&#x627;&#x643;&#x62A;&#x626;&#x627;&#x628; &#x644;&#x62F;&#x649; &#x627;&#x644;&#x633;&#x64A;&#x62F;&#x627;&#x62A; &#x627;&#x644;&#x645;&#x635;&#x627;&#x628;&#x627;&#x62A; &#x628;&#x633;&#x631;&#x637;&#x627;&#x646; &#x627;&#x644;&#x62B;&#x62F;&#x64A;</subfield>
  </datafield>
  <datafield tag="264" ind1=" " ind2="0">
    <subfield code="c">2022.</subfield>
  </datafield>
  <datafield tag="300" ind1=" " ind2=" ">
    <subfield code="a">114 p. :</subfield>
    <subfield code="b">illustrations ;</subfield>
    <subfield code="c">25 cm.+</subfield>
    <subfield code="e">CD</subfield>
  </datafield>
  <datafield tag="336" ind1=" " ind2=" ">
    <subfield code="2">rda content</subfield>
    <subfield code="a">text</subfield>
  </datafield>
  <datafield tag="337" ind1=" " ind2=" ">
    <subfield code="2">rdamedia</subfield>
    <subfield code="a">Unmediated</subfield>
  </datafield>
  <datafield tag="338" ind1=" " ind2=" ">
    <subfield code="2">rdacarrier</subfield>
    <subfield code="a">volume</subfield>
  </datafield>
  <datafield tag="502" ind1=" " ind2=" ">
    <subfield code="a">Thesis (M.Sc.)-Cairo University - Faculty of Physical Therapy- Department of Physical Therapy  for Women&#x2019;s Health</subfield>
  </datafield>
  <datafield tag="504" ind1=" " ind2=" ">
    <subfield code="a">Bibliography: p. 85-100.</subfield>
  </datafield>
  <datafield tag="520" ind1=" " ind2="3">
    <subfield code="a">Background:Most breast cancer survivors complain of different physical and psychological side effects. The challenge for the medical community has shifted from only treating the disease to successfully managing its side effects to improve patients&#x2019; overall quality of life. Purpose of the study: This study aims to compare the effect of aerobic exercise and yoga on depression in women diagnosed with breast cancer.Subjects: Overall, 40 breast cancer women suffering from depression, aged 25-45 years, were divided randomly into two groups equal in number. They were selected from National Cancer Institute, Cairo University, Egypt. group A (n=20) received aerobic exercise, while group B (n=20) received yoga. Both groups received 3 sessions per week over an eight weeks&#x2019; period. Depression was evaluated pre and 8 weeks post intervention for all participants with Zung Self-Rating Depression Scale. Results: There was a statistically significant decrease in the mean values of depression scores post treatment in both groups (p value &lt;0.001) with percentage of improvement of depression score was higher in group A (27.2%) than in group B (17.48%). Conclusion: Aerobic exercise and yoga are effective supportive interventions in managing depression in breast cancer patients. In addition, aerobic exercise was found to be superior to yoga in relieving depression</subfield>
  </datafield>
  <datafield tag="520" ind1=" " ind2="3">
    <subfield code="a">&#x627;&#x644;&#x645;&#x642;&#x62F;&#x645;&#x629;: &#x64A;&#x639;&#x62F; &#x627;&#x644;&#x627;&#x643;&#x62A;&#x626;&#x627;&#x628; &#x645;&#x646; &#x627;&#x644;&#x627;&#x639;&#x631;&#x627;&#x636; &#x627;&#x644;&#x62C;&#x627;&#x646;&#x628;&#x64A;&#x629; &#x627;&#x644;&#x62E;&#x637;&#x64A;&#x631;&#x629; &#x648;&#x642;&#x62F; &#x64A;&#x642;&#x644;&#x644; &#x645;&#x646; &#x641;&#x631;&#x635;&#x629; &#x627;&#x644;&#x628;&#x642;&#x627;&#x621; &#x639;&#x644;&#x649; &#x642;&#x64A;&#x62F; &#x627;&#x644;&#x62D;&#x64A;&#x627;&#x629; &#x628;&#x627;&#x644;&#x646;&#x633;&#x628;&#x629; &#x644;&#x644;&#x633;&#x64A;&#x62F;&#x627;&#x62A; &#x627;&#x644;&#x645;&#x635;&#x627;&#x628;&#x627;&#x62A;. &#x644;&#x630;&#x644;&#x643; &#x645;&#x646; &#x627;&#x644;&#x636;&#x631;&#x648;&#x631;&#x64A; &#x648;&#x62C;&#x648;&#x62F; &#x639;&#x644;&#x627;&#x62C; &#x641;&#x639;&#x627;&#x644; &#x644;&#x62A;&#x642;&#x644;&#x64A;&#x644; &#x623;&#x639;&#x631;&#x627;&#x636; &#x627;&#x644;&#x627;&#x643;&#x62A;&#x626;&#x627;&#x628; &#x644;&#x62F;&#x649; &#x627;&#x644;&#x633;&#x64A;&#x62F;&#x627;&#x62A; &#x627;&#x644;&#x645;&#x635;&#x627;&#x628;&#x627;&#x62A; &#x628;&#x633;&#x631;&#x637;&#x627;&#x646; &#x627;&#x644;&#x62B;&#x62F;&#x64A;. &#x627;&#x644;&#x63A;&#x631;&#x636; &#x645;&#x646; &#x627;&#x644;&#x62F;&#x631;&#x627;&#x633;&#x629;: &#x62A;&#x647;&#x62F;&#x641; &#x647;&#x630;&#x647; &#x627;&#x644;&#x62F;&#x631;&#x627;&#x633;&#x629; &#x625;&#x644;&#x649; &#x627;&#x644;&#x645;&#x642;&#x627;&#x631;&#x646;&#x629; &#x628;&#x64A;&#x646; &#x62A;&#x623;&#x62B;&#x64A;&#x631; &#x627;&#x644;&#x62A;&#x645;&#x627;&#x631;&#x64A;&#x646; &#x627;&#x644;&#x647;&#x648;&#x627;&#x626;&#x64A;&#x629; &#x648;&#x627;&#x644;&#x64A;&#x648;&#x62C;&#x627; &#x639;&#x644;&#x649; &#x627;&#x644;&#x627;&#x643;&#x62A;&#x626;&#x627;&#x628; &#x644;&#x62F;&#x649; &#x627;&#x644;&#x633;&#x64A;&#x62F;&#x627;&#x62A; &#x627;&#x644;&#x645;&#x635;&#x627;&#x628;&#x627;&#x62A; &#x628;&#x633;&#x631;&#x637;&#x627;&#x646; &#x627;&#x644;&#x62B;&#x62F;&#x64A;. &#x627;&#x644;&#x623;&#x634;&#x62E;&#x627;&#x635;: &#x62A;&#x645; &#x62A;&#x642;&#x633;&#x64A;&#x645; &#x623;&#x631;&#x628;&#x639;&#x64A;&#x646; &#x633;&#x64A;&#x62F;&#x629; &#x645;&#x635;&#x627;&#x628;&#x629; &#x628;&#x633;&#x631;&#x637;&#x627;&#x646; &#x627;&#x644;&#x62B;&#x62F;&#x64A; &#x648;&#x62A;&#x639;&#x627;&#x646;&#x64A;&#x646; &#x645;&#x646; &#x627;&#x644;&#x627;&#x643;&#x62A;&#x626;&#x627;&#x628; &#x62A;&#x631;&#x627;&#x648;&#x62D;&#x62A; &#x623;&#x639;&#x645;&#x627;&#x631;&#x647;&#x646; &#x628;&#x64A;&#x646; 25 &#x625;&#x644;&#x649; 45 &#x639;&#x627;&#x645;&#x627;&#x64B; &#x625;&#x644;&#x649; &#x645;&#x62C;&#x645;&#x648;&#x639;&#x62A;&#x64A;&#x646; &#x645;&#x62A;&#x633;&#x627;&#x648;&#x64A;&#x62A;&#x64A;&#x646; &#x641;&#x64A; &#x627;&#x644;&#x639;&#x62F;&#x62F; &#x648;&#x62A;&#x645; &#x627;&#x62E;&#x62A;&#x64A;&#x627;&#x631;&#x647;&#x646; &#x639;&#x634;&#x648;&#x627;&#x626;&#x64A;&#x627;&#x64B; &#x645;&#x646; &#x627;&#x644;&#x645;&#x639;&#x647;&#x62F; &#x627;&#x644;&#x642;&#x648;&#x645;&#x64A; &#x644;&#x644;&#x623;&#x648;&#x631;&#x627;&#x645;. &#x645;&#x62C;&#x645;&#x648;&#x639;&#x629; (&#x623;): &#x62A;&#x644;&#x642;&#x62A; &#x627;&#x644;&#x62A;&#x645;&#x627;&#x631;&#x64A;&#x646; &#x627;&#x644;&#x647;&#x648;&#x627;&#x626;&#x64A;&#x629; &#x644;&#x645;&#x62F;&#x629; 50 &#x62F;&#x642;&#x64A;&#x642;&#x629; &#x644;&#x644;&#x62C;&#x644;&#x633;&#x629; &#x62B;&#x644;&#x627;&#x62B; &#x645;&#x631;&#x627;&#x62A; &#x628;&#x627;&#x644;&#x623;&#x633;&#x628;&#x648;&#x639; &#x644;&#x645;&#x62F;&#x629; 8 &#x623;&#x633;&#x627;&#x628;&#x64A;&#x639; &#x639;&#x646; &#x637;&#x631;&#x64A;&#x642; &#x62C;&#x647;&#x627;&#x632; &#x627;&#x644;&#x633;&#x64A;&#x631; &#x627;&#x644;&#x645;&#x62A;&#x62D;&#x631;&#x643;. &#x648;&#x645;&#x62C;&#x645;&#x648;&#x639;&#x629; (&#x628;) &#x62A;&#x644;&#x642;&#x62A; &#x627;&#x644;&#x64A;&#x648;&#x62C;&#x627; &#x644;&#x645;&#x62F;&#x629; 50 &#x62F;&#x642;&#x64A;&#x642;&#x629; &#x644;&#x644;&#x62C;&#x644;&#x633;&#x629; &#x62B;&#x644;&#x627;&#x62B; &#x645;&#x631;&#x627;&#x62A; &#x628;&#x627;&#x644;&#x623;&#x633;&#x628;&#x648;&#x639; &#x644;&#x645;&#x62F;&#x629; 8 &#x623;&#x633;&#x627;&#x628;&#x64A;&#x639;. &#x62A;&#x644;&#x642;&#x62A; &#x643;&#x644;&#x62A;&#x627; &#x627;&#x644;&#x645;&#x62C;&#x645;&#x648;&#x639;&#x62A;&#x64A;&#x646; 24 &#x62C;&#x644;&#x633;&#x629; &#x62E;&#x644;&#x627;&#x644; 8 &#x623;&#x633;&#x627;&#x628;&#x64A;&#x639;. &#x62A;&#x645; &#x62A;&#x642;&#x64A;&#x64A;&#x645; &#x627;&#x644;&#x627;&#x643;&#x62A;&#x626;&#x627;&#x628; &#x644;&#x643;&#x644; &#x627;&#x644;&#x633;&#x64A;&#x62F;&#x627;&#x62A; &#x627;&#x644;&#x645;&#x634;&#x627;&#x631;&#x643;&#x627;&#x62A; &#x642;&#x628;&#x644; &#x648;&#x628;&#x639;&#x62F; &#x627;&#x644;&#x62A;&#x62F;&#x62E;&#x644; &#x628;&#x648;&#x627;&#x633;&#x637;&#x629; &#x645;&#x642;&#x64A;&#x627;&#x633; &#x627;&#x644;&#x627;&#x643;&#x62A;&#x626;&#x627;&#x628;. &#x627;&#x644;&#x646;&#x62A;&#x627;&#x626;&#x62C;: &#x623;&#x648;&#x636;&#x62D;&#x62A; &#x627;&#x644;&#x646;&#x62A;&#x627;&#x626;&#x62C; &#x623;&#x646; &#x647;&#x646;&#x627;&#x643; &#x627;&#x646;&#x62E;&#x641;&#x627;&#x636; &#x630;&#x648; &#x62F;&#x644;&#x627;&#x644;&#x629; &#x625;&#x62D;&#x635;&#x627;&#x626;&#x64A;&#x629; &#x641;&#x64A; &#x645;&#x62A;&#x648;&#x633;&#x637; &#x642;&#x64A;&#x645; &#x62F;&#x631;&#x62C;&#x627;&#x62A; &#x627;&#x644;&#x627;&#x643;&#x62A;&#x626;&#x627;&#x628; &#x641;&#x64A; &#x643;&#x644;&#x62A;&#x627; &#x627;&#x644;&#x645;&#x62C;&#x645;&#x648;&#x639;&#x62A;&#x64A;&#x646; &#x628;&#x639;&#x62F; &#x627;&#x644;&#x62A;&#x62F;&#x62E;&#x644; &#x648;&#x643;&#x627;&#x646;&#x62A; &#x646;&#x633;&#x628;&#x629; &#x62A;&#x62D;&#x633;&#x646; &#x627;&#x644;&#x627;&#x643;&#x62A;&#x626;&#x627;&#x628; &#x623;&#x643;&#x62B;&#x631; &#x641;&#x64A; &#x627;&#x644;&#x645;&#x62C;&#x645;&#x648;&#x639;&#x629; (&#x623;) (27.2) &#x645;&#x646; &#x627;&#x644;&#x645;&#x62C;&#x645;&#x648;&#x639;&#x629; (&#x628;) (17.48%) &#x643;&#x645;&#x627; &#x623;&#x648;&#x636;&#x62D;&#x62A; &#x627;&#x644;&#x646;&#x62A;&#x627;&#x626;&#x62C; &#x623;&#x646;&#x647; &#x644;&#x645; &#x64A;&#x643;&#x646; &#x647;&#x646;&#x627;&#x643; &#x627;&#x62E;&#x62A;&#x644;&#x627;&#x641; &#x630;&#x648; &#x62F;&#x644;&#x627;&#x644;&#x629; &#x627;&#x62D;&#x635;&#x627;&#x626;&#x64A;&#x629; &#x628;&#x64A;&#x646; &#x627;&#x644;&#x645;&#x62C;&#x645;&#x648;&#x639;&#x62A;&#x64A;&#x646; &#x642;&#x628;&#x644; &#x627;&#x644;&#x62A;&#x62F;&#x62E;&#x644;. &#x627;&#x644;&#x62E;&#x644;&#x627;&#x635;&#x629;: &#x64A;&#x639;&#x62F; &#x643;&#x644;&#x627;&#x64B; &#x645;&#x646; &#x627;&#x644;&#x62A;&#x645;&#x627;&#x631;&#x64A;&#x646; &#x627;&#x644;&#x647;&#x648;&#x627;&#x626;&#x64A;&#x629; &#x648;&#x627;&#x644;&#x64A;&#x648;&#x62C;&#x627; &#x645;&#x646; &#x627;&#x644;&#x62A;&#x62F;&#x62E;&#x644;&#x627;&#x62A; &#x630;&#x627;&#x62A; &#x627;&#x644;&#x641;&#x627;&#x639;&#x644;&#x64A;&#x629; &#x641;&#x64A; &#x639;&#x644;&#x627;&#x62C; &#x627;&#x644;&#x627;&#x643;&#x62A;&#x626;&#x627;&#x628; &#x644;&#x62F;&#x649; &#x627;&#x644;&#x633;&#x64A;&#x62F;&#x627;&#x62A; &#x627;&#x644;&#x644;&#x627;&#x62A;&#x64A; &#x62A;&#x639;&#x627;&#x646;&#x64A;&#x646; &#x645;&#x646; &#x633;&#x631;&#x637;&#x627;&#x646; &#x627;&#x644;&#x62B;&#x62F;&#x64A;. &#x628;&#x627;&#x644;&#x625;&#x636;&#x627;&#x641;&#x629; &#x625;&#x644;&#x649; &#x630;&#x644;&#x643; &#x644;&#x642;&#x62F; &#x648;&#x62C;&#x62F; &#x623;&#x646; &#x627;&#x644;&#x62A;&#x645;&#x627;&#x631;&#x64A;&#x646; &#x627;&#x644;&#x647;&#x648;&#x627;&#x626;&#x64A;&#x629; &#x623;&#x641;&#x636;&#x644; &#x645;&#x646; &#x627;&#x644;&#x64A;&#x648;&#x62C;&#x627; &#x641;&#x64A; &#x62A;&#x62D;&#x633;&#x64A;&#x646; &#x623;&#x639;&#x631;&#x627;&#x636; &#x627;&#x644;&#x627;&#x643;&#x62A;&#x626;&#x627;&#x628;</subfield>
  </datafield>
  <datafield tag="530" ind1=" " ind2=" ">
    <subfield code="a">Issues also as CD.</subfield>
  </datafield>
  <datafield tag="546" ind1=" " ind2=" ">
    <subfield code="a">Text in English and abstract in Arabic &amp; English.</subfield>
  </datafield>
  <datafield tag="650" ind1=" " ind2=" ">
    <subfield code="a">Women&#x2019;s Health</subfield>
  </datafield>
  <datafield tag="653" ind1=" " ind2=" ">
    <subfield code="a">Depression</subfield>
  </datafield>
  <datafield tag="700" ind1=" " ind2=" ">
    <subfield code="a">Hala Mohamed Hanfy</subfield>
    <subfield code="e">thesis advisor.</subfield>
  </datafield>
  <datafield tag="700" ind1=" " ind2=" ">
    <subfield code="a">Mohammed Fawzy Mohamed</subfield>
    <subfield code="e">thesis advisor.</subfield>
  </datafield>
  <datafield tag="700" ind1=" " ind2=" ">
    <subfield code="a">Mai Mohamed Ali</subfield>
    <subfield code="e">thesis advisor.</subfield>
  </datafield>
  <datafield tag="900" ind1=" " ind2=" ">
    <subfield code="b">01-01-2022</subfield>
    <subfield code="c">Hala Mohamed Hanfy</subfield>
    <subfield code="c">Mohammed Fawzy Mohamed</subfield>
    <subfield code="c">Mai Mohamed Ali</subfield>
    <subfield code="U">Cairo University </subfield>
    <subfield code="F">Faculty of Physical Therapy</subfield>
    <subfield code="D">Department of Physical Therapy for Women&#x2019;s Health</subfield>
  </datafield>
  <datafield tag="905" ind1=" " ind2=" ">
    <subfield code="a">Shimaa</subfield>
  </datafield>
  <datafield tag="942" ind1=" " ind2=" ">
    <subfield code="c">TH</subfield>
    <subfield code="2">ddc</subfield>
  </datafield>
  <datafield tag="999" ind1=" " ind2=" ">
    <subfield code="c">163835</subfield>
  </datafield>
  <datafield tag="952" ind1=" " ind2=" ">
    <subfield code="2">ddc</subfield>
    <subfield code="9">295481</subfield>
    <subfield code="a">CUCL</subfield>
    <subfield code="b">cl210</subfield>
    <subfield code="d">2024-02-11</subfield>
    <subfield code="i">85912</subfield>
    <subfield code="o">Cai01.21.04.M.Sc.2022.Al.E</subfield>
    <subfield code="p">01010110085912000</subfield>
    <subfield code="r">2023-10-30 00:00:00</subfield>
    <subfield code="w">2023-10-30</subfield>
    <subfield code="y">TH</subfield>
  </datafield>
</record>
